[Event "SSC-Rostock-Open 2013"]
[Site "Rostock"]
[Date "2013.08.02"]
[Round "5.33"]
[White "Massloch, Lea"]
[Black "Kreutz, Jonas"]
[Result "0-1"]
[WhiteElo "993"]
[BlackElo "1327"]
[PlyCount "112"]
[EventDate "2013.07.31"]
[EventType "swiss"]
[EventRounds "7"]
[EventCountry "GER"]
[Source "LSV Meck.-Vorp."]
[SourceDate "1999.06.01"]
[WhiteTeam "SAV Torgelow-Droegeheide 90"]
[BlackTeam "SV Koenigsjaeger Sued-West"]

1. e4 e6 2. d4 d5 3. Nc3 Nf6 4. exd5 exd5 5. Be2 Be7 6. Be3 Be6 7. Nf3 Nbd7 8.
O-O c6 9. Re1 Qc7 10. Qd2 Bb4 11. a3 Bd6 12. Bd3 O-O 13. Qe2 Ng4 14. g3 Nxe3
15. Qxe3 Nf6 16. Re2 Rfe8 17. Rae1 Bg4 18. Qd2 Bxf3 19. Rxe8+ Nxe8 20. Qg5 g6
21. Re3 Bh5 22. Qh4 Ng7 23. Nb1 f5 24. h3 Qd8 25. Qxd8+ Rxd8 26. h4 Re8 27. Kg2
Rxe3 28. fxe3 Ne8 29. c4 Nf6 30. cxd5 cxd5 31. Nc3 Ne4 32. Nxd5 Nxg3 33. b4 Be2
34. Bc2 Bc4 35. Nc3 Nh5 36. Kf3 Bg3 37. e4 fxe4+ 38. Nxe4 Bd5 39. Kg4 Bxe4 40.
Bxe4 Nf6+ 41. Kf3 Nxe4 42. Kxe4 Bxh4 43. a4 Be7 44. b5 h5 45. a5 h4 46. a6 bxa6
47. bxa6 h3 48. Kf3 h2 49. Kg2 Bd6 50. Kh1 Kf7 51. d5 Kf6 52. Kg2 Bf4 53. Kh1
Ke5 54. Kg2 Kxd5 55. Kh1 Kc6 56. Kg2 Kb6 0-1

[Event "SSC-Rostock-Open 2013"]
[Site "Rostock"]
[Date "2013.08.02"]
[Round "5.34"]
[White "Lick, Helmut"]
[Black "Gazizov, Max"]
[Result "1-0"]
[WhiteElo "1489"]
[BlackElo "1090"]
[PlyCount "57"]
[EventDate "2013.07.31"]
[EventType "swiss"]
[EventRounds "7"]
[EventCountry "GER"]
[Source "LSV Meck.-Vorp."]
[SourceDate "1999.06.01"]
[WhiteTeam "SK Lister Turm"]
[BlackTeam "TuS Makkabi Rostock"]

1. d4 d5 2. c4 e6 3. Nc3 Nf6 4. Nf3 Bb4 5. a3 Bxc3+ 6. bxc3 O-O 7. e3 Nbd7 8.
Be2 dxc4 9. Bxc4 b6 10. O-O Bb7 11. Be2 Ne4 12. Bb2 Rc8 13. Nd2 Ndf6 14. f3
Nxd2 15. Qxd2 c5 16. Rac1 e5 17. Rfd1 cxd4 18. cxd4 Rxc1 19. Rxc1 Qd7 20. Rc2
Rc8 21. dxe5 Qxd2 22. Rxd2 Nd5 23. Kf2 Re8 24. Bc4 Nc7 25. Rd7 Rc8 26. Bxf7+
Kh8 27. Bd4 Bc6 28. Re7 Bd5 29. Bxd5 1-0

[Event "SSC-Rostock-Open 2013"]
[Site "Rostock"]
[Date "2013.08.02"]
[Round "5.35"]
[White "Gazizova, Alina"]
[Black "Zeis, Konstantin"]
[Result "1/2-1/2"]
[WhiteElo "1120"]
[BlackElo "1157"]
[PlyCount "69"]
[EventDate "2013.07.31"]
[EventType "swiss"]
[EventRounds "7"]
[EventCountry "GER"]
[Source "LSV Meck.-Vorp."]
[SourceDate "1999.06.01"]
[WhiteTeam "TuS Makkabi Rostock"]
[BlackTeam "TuS Makkabi Rostock"]

1. d4 d5 2. Nf3 Nf6 3. c4 e6 4. Bg5 Nbd7 5. Nc3 Bb4 6. e3 O-O 7. Qc2 h6 8. Bxf6
Qxf6 9. a3 Bxc3+ 10. Qxc3 b6 11. Bd3 Bb7 12. Be2 Rac8 13. O-O c5 14. Rac1 cxd4
15. Qxd4 Qxd4 16. Nxd4 Ne5 17. cxd5 exd5 18. Rfd1 Rxc1 19. Rxc1 Rd8 20. h3 Kf8
21. f4 Nd7 22. Rc7 Ba8 23. Rxa7 Nc5 24. b4 Ne4 25. Ra6 Rb8 26. Ra7 Rd8 27. b5
Ke8 28. Nc6 Bxc6 29. bxc6 Nd6 30. Ra6 Rb8 31. c7 Rb7 32. Bg4 Rxc7 33. Rxb6 Nc4
34. Rb8+ Ke7 35. a4 1/2-1/2

[Event "SSC-Rostock-Open 2013"]
[Site "Rostock"]
[Date "2013.08.03"]
[Round "6.1"]
[White "Brynell, Stellan"]
[Black "Stern, Rene"]
[Result "1/2-1/2"]
[WhiteElo "2484"]
[BlackElo "2499"]
[PlyCount "107"]
[EventDate "2013.07.31"]
[EventType "swiss"]
[EventRounds "7"]
[EventCountry "GER"]
[Source "LSV Meck.-Vorp."]
[SourceDate "1999.06.01"]
[WhiteTeam "SSC Rostock 07"]
[BlackTeam "SK Koenig Tegel 1949"]

1. d4 d5 2. c4 e6 3. Nf3 Nf6 4. Nc3 Nbd7 5. Bg5 c6 6. e3 Qa5 7. cxd5 Nxd5 8.
Rc1 Nxc3 9. bxc3 Ba3 10. Rc2 b6 11. Bd3 Ba6 12. O-O Bxd3 13. Qxd3 O-O 14. c4
Rfe8 15. Bf4 Be7 16. e4 Rad8 17. Rd1 Qa6 18. h3 Nf8 19. Bg3 Ng6 20. Qb3 Rd7 21.
d5 Bc5 22. Rcd2 cxd5 23. cxd5 e5 24. Rc2 h5 25. Ne1 h4 26. Bh2 Rc8 27. Rdc1
Rdc7 28. Nd3 Bd6 29. Rxc7 Rxc7 30. Rxc7 Bxc7 31. a4 Bd6 32. Kf1 Qa5 33. Ke2 a6
34. f3 b5 35. axb5 axb5 36. Bg1 b4 37. Be3 Kh7 38. Bd2 Qb5 39. Be3 Ne7 40. Kd2
f6 41. f4 exf4 42. Bxf4 Bxf4+ 43. Nxf4 Qb8 44. Ne6 Ng6 45. Nd4 Ne5 46. Nc6 Nxc6
47. dxc6 Qf4+ 48. Kd3 Qd6+ 49. Qd5 Qg3+ 50. Kc4 Qc3+ 51. Kb5 b3 52. Qh5+ Kg8
53. Qe8+ Kh7 54. Qh5+ 1/2-1/2

[Event "SSC-Rostock-Open 2013"]
[Site "Rostock"]
[Date "2013.08.03"]
[Round "6.2"]
[White "Hanisch, Sebastian"]
[Black "Tomczak, Jacek"]
[Result "0-1"]
[WhiteElo "2097"]
[BlackElo "2564"]
[PlyCount "66"]
[EventDate "2013.07.31"]
[EventType "swiss"]
[EventRounds "7"]
[EventCountry "GER"]
[Source "LSV Meck.-Vorp."]
[SourceDate "1999.06.01"]
[WhiteTeam "SF Schwerin"]
[BlackTeam "SSC Rostock 07"]

1. Nf3 Nf6 2. b3 c5 3. Bb2 Nc6 4. g3 d5 5. Bg2 e6 6. O-O Bd6 7. d4 O-O 8. dxc5
Bxc5 9. Nbd2 Re8 10. a3 a5 11. c3 e5 12. b4 Ba7 13. b5 Nb8 14. e3 Bf5 15. Qe2
Nbd7 16. Nh4 Bg4 17. f3 Be6 18. Bh1 Bh3 19. Bg2 Be6 20. Bh1 Rc8 21. Rfe1 Nc5
22. Rad1 Na4 23. Nb1 Bxe3+ 24. Qxe3 Nxb2 25. Rc1 Nc4 26. Qf2 a4 27. Nd2 Nxa3
28. Rxe5 Nxb5 29. c4 Nd6 30. c5 b6 31. Ra1 Rxc5 32. Rxa4 Rc1+ 33. Nf1 Bh3 0-1

[Event "SSC-Rostock-Open 2013"]
[Site "Rostock"]
[Date "2013.08.03"]
[Round "6.3"]
[White "Szelag, Marcin"]
[Black "Schnicke, Robert"]
[Result "1-0"]
[WhiteElo "2488"]
[BlackElo "2199"]
[PlyCount "81"]
[EventDate "2013.07.31"]
[EventType "swiss"]
[EventRounds "7"]
[EventCountry "GER"]
[Source "LSV Meck.-Vorp."]
[SourceDate "1999.06.01"]
[WhiteTeam "SSC Rostock 07"]
[BlackTeam "TV Winnweiler"]

1. e4 e5 2. Nf3 Nc6 3. Bb5 a6 4. Ba4 Nf6 5. O-O Be7 6. Re1 b5 7. Bb3 O-O 8. c3
d6 9. h3 Na5 10. Bc2 c5 11. d4 Qc7 12. Nbd2 Rb8 13. Nf1 Bd7 14. Ne3 g6 15. b3
Rfe8 16. Qd2 Bf8 17. Bb2 Bh6 18. Rad1 Bf4 19. dxe5 dxe5 20. g3 Bxe3 21. Rxe3 c4
22. Qd6 Qxd6 23. Rxd6 Re6 24. Ba3 Nb7 25. Rxe6 Bxe6 26. Nxe5 Bxh3 27. bxc4 Re8
28. f4 bxc4 29. Nxc4 Be6 30. Bb3 Kg7 31. e5 Ng4 32. Rd3 Bf5 33. Rd4 Rc8 34. Bb4
h5 35. Nd6 Nxd6 36. exd6 Re8 37. d7 Re1+ 38. Kg2 Re2+ 39. Kf1 Rh2 40. d8=Q Rh1+
41. Kg2 1-0

[Event "SSC-Rostock-Open 2013"]
[Site "Rostock"]
[Date "2013.08.03"]
[Round "6.4"]
[White "Wenner, Tobias"]
[Black "Fries Nielsen, Jens Ove"]
[Result "0-1"]
[WhiteElo "2136"]
[BlackElo "2381"]
[PlyCount "42"]
[EventDate "2013.07.31"]
[EventType "swiss"]
[EventRounds "7"]
[EventCountry "GER"]
[Source "LSV Meck.-Vorp."]
[SourceDate "1999.06.01"]
[WhiteTeam "SC Eppingen"]
[BlackTeam "FC ST. Pauli 1910"]

1. Nf3 e6 2. c4 g6 3. e4 Bg7 4. Nc3 Ne7 5. d4 d5 6. Bg5 dxe4 7. Nxe4 Nd7 8. Qd2
h6 9. Bh4 g5 10. Bg3 f5 11. Nexg5 hxg5 12. Nxg5 Nf8 13. O-O-O Nfg6 14. f4 b5
15. Qe3 Qd6 16. h4 bxc4 17. Bxc4 Nd5 18. Bxd5 Qxd5 19. h5 Ne7 20. Kb1 Rb8 21.
Be1 Qxg2 0-1

[Event "SSC-Rostock-Open 2013"]
[Site "Rostock"]
[Date "2013.08.03"]
[Round "6.5"]
[White "Ruesch, Hans Joachim"]
[Black "Skibbe, Willi"]
[Result "0-1"]
[WhiteElo "2051"]
[BlackElo "2292"]
[PlyCount "120"]
[EventDate "2013.07.31"]
[EventType "swiss"]
[EventRounds "7"]
[EventCountry "GER"]
[Source "LSV Meck.-Vorp."]
[SourceDate "1999.06.01"]
[WhiteTeam "SF Ostsee Warnemuende"]
[BlackTeam "SSC Rostock 07"]

1. g3 d5 2. Bg2 e5 3. c3 Nf6 4. d4 exd4 5. cxd4 Be7 6. Bg5 c6 7. Nc3 Qb6 8. Qd2
Be6 9. Bxf6 Bxf6 10. e3 Nd7 11. Rc1 O-O 12. Nge2 Rae8 13. Na4 Qa6 14. b3 Bg4
15. Bf1 b5 16. Ng1 Qb7 17. Nc3 Be7 18. Be2 Bf5 19. Nf3 Ba3 20. Rd1 Bb4 21. O-O
Nf6 22. Qb2 Ne4 23. Nxe4 dxe4 24. Nh4 Bh3 25. Ng2 Re6 26. a3 Bd6 27. Rfe1 Rh6
28. f4 Qe7 29. b4 a5 30. Rb1 Ra8 31. Bd1 axb4 32. axb4 Qe6 33. Re2 Bg4 34. Rd2
Bf3 35. Ne1 Bxd1 36. Rbxd1 Qc4 37. d5 c5 38. bxc5 Bxc5 39. Ng2 Ba3 40. Qb1 f5
41. Rd4 Qc3 42. d6 Bc5 43. Qxb5 Rd8 44. Rc4 Bxe3+ 45. Kh1 Qa3 46. Qd5+ Kh8 47.
d7 Bf2 48. Qxf5 Rd6 49. Rxd6 Qa1+ 50. Ne1 Qxe1+ 51. Kg2 Qg1+ 52. Kh3 Qf1+ 53.
Kh4 Qxc4 54. Re6 Rg8 55. Re8 Bb6 56. Qf8 Rxf8 57. Rxf8+ Qg8 58. Re8 g6 59. Kh3
Kg7 60. Rxg8+ Kxg8 0-1

[Event "SSC-Rostock-Open 2013"]
[Site "Rostock"]
[Date "2013.08.03"]
[Round "6.6"]
[White "Weber, Max"]
[Black "Hess, Christian"]
[Result "0-1"]
[WhiteElo "2108"]
[BlackElo "2289"]
[PlyCount "68"]
[EventDate "2013.07.31"]
[EventType "swiss"]
[EventRounds "7"]
[EventCountry "GER"]
[Source "LSV Meck.-Vorp."]
[SourceDate "1999.06.01"]
[WhiteTeam "SSC Rostock 07"]
[BlackTeam "Koenigsspringer SC 1984"]

1. c4 c6 2. Nf3 Nf6 3. g3 g6 4. Bg2 Bg7 5. O-O O-O 6. b3 d5 7. Bb2 a5 8. d4 Bf5
9. Nc3 Ne4 10. Nh4 Nxc3 11. Bxc3 Be6 12. Qd3 Nd7 13. cxd5 cxd5 14. f4 Nf6 15.
f5 Bd7 16. a4 Qb6 17. Bb2 e5 18. fxe6 Bxe6 19. Ba3 Ne4 20. e3 Rfe8 21. Rac1
Rac8 22. Rfe1 Bh6 23. Bf1 Bd7 24. Nf3 Bf5 25. Qb5 Qxb5 26. Bxb5 Rxc1 27. Bxc1
Rc8 28. Bd2 b6 29. Kg2 Rc2 30. Re2 Nxd2 31. Nxd2 Bxe3 32. Rxe3 Rxd2+ 33. Re2
Rxe2+ 34. Bxe2 Bc2 0-1

[Event "SSC-Rostock-Open 2013"]
[Site "Rostock"]
[Date "2013.08.03"]
[Round "6.7"]
[White "Schulz, Michael"]
[Black "Ehlert, Horst"]
[Result "1-0"]
[WhiteElo "2249"]
[BlackElo "1998"]
[PlyCount "73"]
[EventDate "2013.07.31"]
[EventType "swiss"]
[EventRounds "7"]
[EventCountry "GER"]
[Source "LSV Meck.-Vorp."]
[SourceDate "1999.06.01"]
[WhiteTeam "SC Empor Potsdam 1952"]
[BlackTeam "SV Laatzen"]

1. e4 e6 2. Nf3 d5 3. e5 c5 4. b4 d4 5. bxc5 Bxc5 6. Bd3 Nc6 7. O-O Bd7 8. Re1
g5 9. c3 g4 10. Nxd4 Nxd4 11. cxd4 Bxd4 12. Nc3 h5 13. Rb1 Bc6 14. Nb5 Bxf2+
15. Kxf2 Qxd3 16. Nd6+ Kf8 17. Rxb7 Bxb7 18. Nxb7 Nh6 19. Qa4 g3+ 20. hxg3 Ng4+
21. Kg1 Qxg3 22. Qa3+ Qxa3 23. Bxa3+ Kg7 24. d4 Rhc8 25. Bc5 Rc7 26. Nd6 Kg6
27. a4 a6 28. Rb1 Rxc5 29. dxc5 Nxe5 30. Rb6 a5 31. c6 Nxc6 32. Rxc6 Rb8 33.
Rc5 Rb6 34. Nc4 Rb4 35. Ne5+ Kf6 36. Rxa5 Rb1+ 37. Kh2 1-0

[Event "SSC-Rostock-Open 2013"]
[Site "Rostock"]
[Date "2013.08.03"]
[Round "6.8"]
[White "Leisner, Hannes"]
[Black "Reznik, Leonid"]
[Result "1-0"]
[WhiteElo "2208"]
[BlackElo "1869"]
[PlyCount "75"]
[EventDate "2013.07.31"]
[EventType "swiss"]
[EventRounds "7"]
[EventCountry "GER"]
[Source "LSV Meck.-Vorp."]
[SourceDate "1999.06.01"]
[WhiteTeam "Greifswalder SV"]
[BlackTeam "TuS Makkabi Rostock"]

1. e4 c5 2. Nf3 Nc6 3. d4 cxd4 4. Nxd4 e5 5. Nb5 a6 6. N5c3 Bb4 7. a3 Bc5 8.
Be2 Nge7 9. O-O O-O 10. Nd2 d5 11. Nb3 Bd4 12. Nxd4 exd4 13. Nxd5 Nxd5 14. exd5
Qxd5 15. Bf3 Qc5 16. b4 Qb6 17. Bb2 Rd8 18. Re1 Bf5 19. Qd2 a5 20. c3 d3 21. g4
Bg6 22. h4 h6 23. h5 Bh7 24. g5 hxg5 25. Qxg5 f6 26. Qg2 Ne5 27. Bd5+ Kh8 28.
Rad1 Qd6 29. c4 axb4 30. h6 gxh6 31. Kf1 bxa3 32. Ba1 Bf5 33. Re3 Rd7 34. Rg3
Qf8 35. f4 Nc6 36. Bxf6+ Kh7 37. Ba1 Nb4 38. Be4 1-0

[Event "SSC-Rostock-Open 2013"]
[Site "Rostock"]
[Date "2013.08.03"]
[Round "6.9"]
[White "Schreiber, Kevin"]
[Black "Puschendorf, Steffen"]
[Result "1/2-1/2"]
[WhiteElo "1914"]
[BlackElo "2220"]
[PlyCount "110"]
[EventDate "2013.07.31"]
[EventType "swiss"]
[EventRounds "7"]
[EventCountry "GER"]
[Source "LSV Meck.-Vorp."]
[SourceDate "1999.06.01"]
[WhiteTeam "SC Mecklenburger Springer"]
[BlackTeam "ESV Gera"]

1. d4 g6 2. Nf3 Bg7 3. g3 d6 4. Bg2 Nf6 5. O-O O-O 6. Nc3 Nbd7 7. e4 e5 8. dxe5
dxe5 9. h3 c6 10. Be3 Qe7 11. Qe2 b5 12. Nh4 a5 13. Nd1 Ba6 14. c4 bxc4 15. Nc3
Rfb8 16. Qc2 Nc5 17. Bxc5 Qxc5 18. Na4 Qe7 19. Rfd1 Bb5 20. Rab1 Qb4 21. Nc3
Rd8 22. Nf3 Qe7 23. Rxd8+ Rxd8 24. Nxb5 cxb5 25. a4 Qc5 26. axb5 Qxb5 27. Bf1
Qb3 28. Qxb3 cxb3 29. Re1 a4 30. Bb5 Ra8 31. Nd2 Ra5 32. Bc6 Bf8 33. Ra1 Bb4
34. Nb1 Ra6 35. Bb5 Rb6 36. Bd3 Rd6 37. Be2 Nxe4 38. Rxa4 Rd4 39. Ra8+ Kg7 40.
Rb8 Nc5 41. Rb5 Na4 42. Rxe5 Nxb2 43. Re3 Bc5 44. Rxb3 Nd1 45. Bxd1 Rxd1+ 46.
Kg2 Bd4 47. Na3 Rd2 48. Rf3 f5 49. Nc4 Ra2 50. h4 h5 51. Ne3 Bc5 52. Nd5 Rd2
53. Nf4 Kf6 54. Nh3 Bf8 55. Rc3 Rd6 1/2-1/2

[Event "SSC-Rostock-Open 2013"]
[Site "Rostock"]
[Date "2013.08.03"]
[Round "6.10"]
[White "Franz, Karsten"]
[Black "Celmer, Ole"]
[Result "1-0"]
[WhiteElo "2191"]
[BlackElo "1908"]
[PlyCount "51"]
[EventDate "2013.07.31"]
[EventType "swiss"]
[EventRounds "7"]
[EventCountry "GER"]
[Source "LSV Meck.-Vorp."]
[SourceDate "1999.06.01"]
[WhiteTeam "SV Dresden-Leuben"]
[BlackTeam "SSC Rostock 07"]

1. Nf3 d5 2. g3 c5 3. Bg2 Nc6 4. d3 e5 5. Nbd2 f6 6. e4 d4 7. O-O Be6 8. a4 Qd7
9. Nc4 Bg4 10. h3 Be6 11. Kh2 O-O-O 12. Ne1 g5 13. f4 gxf4 14. gxf4 Nge7 15.
Qh5 Bxc4 16. dxc4 Ng6 17. fxe5 Ncxe5 18. Rxf6 Bd6 19. Kh1 Nxc4 20. Nd3 Qe7 21.
Qf5+ Kb8 22. Rf7 Qh4 23. Bg5 Qg3 24. e5 Ncxe5 25. Rxb7+ Ka8 26. Rb5+ 1-0

[Event "SSC-Rostock-Open 2013"]
[Site "Rostock"]
[Date "2013.08.03"]
[Round "6.11"]
[White "Stutz, Reno"]
[Black "Hornych, Christoph"]
[Result "0-1"]
[WhiteElo "1991"]
[BlackElo "2172"]
[PlyCount "110"]
[EventDate "2013.07.31"]
[EventType "swiss"]
[EventRounds "7"]
[EventCountry "GER"]
[Source "LSV Meck.-Vorp."]
[SourceDate "1999.06.01"]
[WhiteTeam "ASV Gruen-Weiss Wismar"]
[BlackTeam "SF Ostsee Warnemuende"]

1. e4 c6 2. d4 d5 3. exd5 cxd5 4. Bd3 Nc6 5. c3 Nf6 6. Bf4 g6 7. Nf3 Bf5 8. O-O
Bg7 9. Re1 O-O 10. Bxf5 gxf5 11. Nbd2 Rc8 12. Ne5 b5 13. Re3 Kh8 14. Rh3 b4 15.
Bg5 Nxe5 16. Bxf6 Ng4 17. Bxg7+ Kxg7 18. cxb4 Qb6 19. Nb3 Qxb4 20. Qf3 e6 21.
Qf4 Qe7 22. Nc5 Kh8 23. Re1 Rc7 24. b4 Rg8 25. f3 Nf6 26. Rg3 Rg6 27. Rxg6 hxg6
28. Qh6+ Kg8 29. Qf4 Rc8 30. Qe5 Qd8 31. a4 Nd7 32. Qd6 Nb6 33. Qxd8+ Rxd8 34.
Kf2 Nc4 35. Ke2 Kf8 36. Kd3 Ke7 37. Kc3 Rh8 38. h3 f4 39. b5 Kd6 40. Kb4 Rb8
41. Nd3 Ne3 42. Re2 Nf5 43. Nxf4 Nxd4 44. Rd2 e5 45. Ne2 Nc6+ 46. Ka3 Na5 47.
Kb4 Nc4 48. Rd3 a5+ 49. Kb3 Rc8 50. Nc3 d4 51. Ne4+ Kd5 52. Nc3+ Ke6 53. Ne2
Nb6 54. f4 f6 55. g4 Rc4 0-1

[Event "SSC-Rostock-Open 2013"]
[Site "Rostock"]
[Date "2013.08.03"]
[Round "6.12"]
[White "Mauser, Tassilo"]
[Black "Hodl, Ingolf"]
[Result "1/2-1/2"]
[WhiteElo "1766"]
[BlackElo "2062"]
[PlyCount "55"]
[EventDate "2013.07.31"]
[EventType "swiss"]
[EventRounds "7"]
[EventCountry "GER"]
[Source "LSV Meck.-Vorp."]
[SourceDate "1999.06.01"]
[WhiteTeam "SV Gryps"]
[BlackTeam "SSC Rostock 07"]

1. e4 Nf6 2. Nc3 e5 3. Nf3 Nc6 4. g3 Bc5 5. Bg2 d6 6. h3 h6 7. d3 a6 8. O-O Be6
9. Be3 Bxe3 10. fxe3 Qd7 11. Kh2 O-O-O 12. d4 exd4 13. exd4 d5 14. exd5 Nxd5
15. Nxd5 Bxd5 16. c3 g5 17. Ne5 Nxe5 18. dxe5 Bxg2 19. Qxd7+ Rxd7 20. Kxg2 Rd2+
21. Rf2 Rxf2+ 22. Kxf2 Re8 23. Re1 Kd7 24. Kf3 Ke6 25. Rd1 Re7 26. Ke4 f5+ 27.
exf6 Kxf6+ 28. Kf3 1/2-1/2

[Event "SSC-Rostock-Open 2013"]
[Site "Rostock"]
[Date "2013.08.03"]
[Round "6.14"]
[White "Jeske, Holger"]
[Black "Hilbig, Dieter"]
[Result "0-1"]
[WhiteElo "1903"]
[BlackElo "2029"]
[PlyCount "36"]
[EventDate "2013.07.31"]
[EventType "swiss"]
[EventRounds "7"]
[EventCountry "GER"]
[Source "LSV Meck.-Vorp."]
[SourceDate "1999.06.01"]
[WhiteTeam "SSC Rostock 07"]
[BlackTeam "ESV Gera"]

1. e4 c5 2. b4 cxb4 3. d4 d5 4. e5 Bf5 5. Bd3 Bxd3 6. Qxd3 Qb6 7. f4 Nc6 8. Nf3
e6 9. g4 h5 10. f5 hxg4 11. fxe6 gxf3 12. exf7+ Kxf7 13. Qxf3+ Ke8 14. Rf1 Nge7
15. Qf7+ Kd8 16. Bb2 Rc8 17. Rf4 Kc7 18. h4 Nd8 0-1

[Event "SSC-Rostock-Open 2013"]
[Site "Rostock"]
[Date "2013.08.03"]
[Round "6.15"]
[White "Fleischer, Matthias"]
[Black "Heerde, Thomas"]
[Result "0-1"]
[WhiteElo "1929"]
[BlackElo "2001"]
[PlyCount "76"]
[EventDate "2013.07.31"]
[EventType "swiss"]
[EventRounds "7"]
[EventCountry "GER"]
[Source "LSV Meck.-Vorp."]
[SourceDate "1999.06.01"]
[WhiteTeam "SV Einheit Schwerin"]
[BlackTeam "SC Weisse Dame"]

1. d4 Nf6 2. Nf3 g6 3. e3 Bg7 4. Bd3 O-O 5. Nbd2 d6 6. h3 Nbd7 7. O-O e5 8. c3
Re8 9. e4 Nh5 10. Re1 Nf4 11. Bf1 a6 12. Nb3 Ne6 13. Be3 Qe7 14. Qd2 b6 15.
Rad1 Bb7 16. Ng5 Nxg5 17. Bxg5 f6 18. Bc4+ Kh8 19. Bh6 Rad8 20. Bxg7+ Kxg7 21.
f3 Nf8 22. d5 g5 23. Qf2 Ng6 24. Nd2 h5 25. Nf1 Rh8 26. Ne3 Kf7 27. Bb3 Bc8 28.
c4 Rdg8 29. Nf5 Bxf5 30. exf5 Nf4 31. Kf1 g4 32. h4 gxf3 33. g3 Ne2 34. Qxf3
Nxg3+ 35. Kf2 Qf8 36. Bc2 Rg4 37. Ke3 Qh6+ 38. Kd3 e4+ 0-1

[Event "SSC-Rostock-Open 2013"]
[Site "Rostock"]
[Date "2013.08.03"]
[Round "6.16"]
[White "Pererva, Viktor"]
[Black "Marcussen, Claus"]
[Result "0-1"]
[WhiteElo "2019"]
[BlackElo "1835"]
[PlyCount "84"]
[EventDate "2013.07.31"]
[EventType "swiss"]
[EventRounds "7"]
[EventCountry "GER"]
[Source "LSV Meck.-Vorp."]
[SourceDate "1999.06.01"]
[WhiteTeam "SSC Rostock 07"]
[BlackTeam "Fredericia Skakforening"]

1. e4 e5 2. Nf3 Nc6 3. Bb5 a6 4. Ba4 d6 5. c3 Be7 6. d4 Bd7 7. O-O Nf6 8. Re1
O-O 9. h3 Re8 10. Nbd2 Bf8 11. d5 Ne7 12. Bxd7 Qxd7 13. Nf1 Rac8 14. Qd3 c5 15.
c4 b5 16. b3 Rb8 17. Ne3 Nh5 18. cxb5 Nf4 19. Qf1 axb5 20. Bb2 h6 21. Nd2 f5
22. g3 Nfg6 23. exf5 Nxf5 24. Nxf5 Qxf5 25. Ne4 Be7 26. Kg2 h5 27. Qe2 h4 28.
Qg4 Qxg4 29. hxg4 hxg3 30. fxg3 Nf8 31. Kf3 Nd7 32. a3 Rf8+ 33. Ke3 Nb6 34.
Red1 c4 35. b4 Rf7 36. Nc3 Rbf8 37. Nxb5 Rf3+ 38. Kd2 Bg5+ 39. Kc2 Na4 40. Bc3
Rxg3 41. Bd2 Rf2 42. Ra2 Bxd2 0-1

[Event "SSC-Rostock-Open 2013"]
[Site "Rostock"]
[Date "2013.08.03"]
[Round "6.17"]
[White "Vladov, Mark"]
[Black "Helms, Sven"]
[Result "0-1"]
[WhiteElo "1829"]
[BlackElo "2046"]
[PlyCount "44"]
[EventDate "2013.07.31"]
[EventType "swiss"]
[EventRounds "7"]
[EventCountry "GER"]
[Source "LSV Meck.-Vorp."]
[SourceDate "1999.06.01"]
[WhiteTeam "SF Ostsee Warnemuende"]
[BlackTeam "SF Schwerin"]

1. Nf3 Nf6 2. c4 e6 3. g3 d5 4. Bg2 Be7 5. d4 O-O 6. O-O b6 7. b3 Bb7 8. Nc3
Nbd7 9. Nd2 c5 10. e3 Rc8 11. Re1 Ba6 12. dxc5 Nxc5 13. Bf1 dxc4 14. Nxc4 Qc7
15. Bb2 Rfd8 16. Qc2 b5 17. Nd2 b4 18. Nce4 Nfxe4 19. Nxe4 Bd3 20. Bxd3 Nxd3
21. Qxc7 Rxc7 22. Re2 f5 0-1

[Event "SSC-Rostock-Open 2013"]
[Site "Rostock"]
[Date "2013.08.03"]
[Round "6.18"]
[White "Kioschies, Johann"]
[Black "Ehrich, Dieter"]
[Result "1-0"]
[WhiteElo "2006"]
[BlackElo "1710"]
[PlyCount "35"]
[EventDate "2013.07.31"]
[EventType "swiss"]
[EventRounds "7"]
[EventCountry "GER"]
[Source "LSV Meck.-Vorp."]
[SourceDate "1999.06.01"]
[WhiteTeam "SV Aalen"]
[BlackTeam "PSV Ribnitz-Damgarten"]

1. c4 e6 2. d4 Nf6 3. Nc3 Bb4 4. Qc2 b6 5. e4 Bb7 6. f3 Nc6 7. Be3 h6 8. Bd3 d5
9. cxd5 exd5 10. e5 Ng8 11. Nge2 Be7 12. a3 Na5 13. Nf4 Bg5 14. O-O Ne7 15.
Rae1 Qd7 16. e6 fxe6 17. Nxe6 Bxe3+ 18. Rxe3 1-0

[Event "SSC-Rostock-Open 2013"]
[Site "Rostock"]
[Date "2013.08.03"]
[Round "6.19"]
[White "Bardosch, Karl"]
[Black "Birnbaum, Wolf Dieter"]
[Result "1/2-1/2"]
[WhiteElo "1608"]
[BlackElo "1992"]
[PlyCount "42"]
[EventDate "2013.07.31"]
[EventType "swiss"]
[EventRounds "7"]
[EventCountry "GER"]
[Source "LSV Meck.-Vorp."]
[SourceDate "1999.06.01"]
[WhiteTeam "SSC Rostock 07"]
[BlackTeam "SF Ostsee Warnemuende"]

1. e4 Nf6 2. e5 Nd5 3. c4 Nb6 4. d4 d6 5. Nf3 g6 6. exd6 cxd6 7. Nc3 Bg7 8. Be3
O-O 9. Rc1 Nc6 10. d5 Ne5 11. Nxe5 Bxe5 12. Bd3 Bd7 13. b3 Rc8 14. Qd2 f5 15.
Bf4 e6 16. Bh6 Re8 17. O-O exd5 18. Nxd5 Nxd5 19. cxd5 Qh4 20. g3 Qd4 21. Be3
Qb2 1/2-1/2

[Event "SSC-Rostock-Open 2013"]
[Site "Rostock"]
[Date "2013.08.03"]
[Round "6.20"]
[White "Mangold, Thomas"]
[Black "Kreuzinger, Frank"]
[Result "1-0"]
[WhiteElo "1884"]
[BlackElo "1759"]
[PlyCount "103"]
[EventDate "2013.07.31"]
[EventType "swiss"]
[EventRounds "7"]
[EventCountry "GER"]
[Source "LSV Meck.-Vorp."]
[SourceDate "1999.06.01"]
[WhiteTeam "SSC Rostock 07"]
[BlackTeam "vls./Pirna"]

1. e4 d6 2. Nf3 Nf6 3. Nc3 g6 4. d4 Bg7 5. h3 O-O 6. Be3 c6 7. Qd2 b5 8. Bd3
Qc7 9. a3 a6 10. O-O Nbd7 11. Rfe1 Bb7 12. e5 dxe5 13. dxe5 Nxe5 14. Nxe5 Qxe5
15. Bf4 Qc5 16. b4 Qa7 17. Rxe7 Nd5 18. Nxd5 Bxa1 19. Be3 Qb8 20. Nb6 Bg7 21.
Bf4 Qa7 22. Nxa8 Qxa8 23. Be4 Bf6 24. Rd7 Qe8 25. Bf3 Bc8 26. Rc7 Be5 27. Bxc6
Qe6 28. Bd5 Bxf4 29. Bxe6 Bxd2 30. Bxc8 Bc1 31. Bxa6 Bxa3 32. c3 Rb8 33. Rc5
Bb2 34. Kf1 Rb6 35. Bxb5 Bxc3 36. Rxc3 Rxb5 37. Rc4 Kf8 38. Re4 f5 39. Rd4 Ke7
40. Ke2 Ke6 41. Kd3 g5 42. Kc4 Rb7 43. Rd2 Rc7+ 44. Kb5 h5 45. Ka6 Rc1 46. b5
Ra1+ 47. Kb7 Ke5 48. b6 f4 49. f3 Ra3 50. Kb8 Ra1 51. b7 Ke6 52. Rb2 1-0

[Event "SSC-Rostock-Open 2013"]
[Site "Rostock"]
[Date "2013.08.03"]
[Round "6.21"]
[White "Jurkatis, Hagen"]
[Black "Bardosch, Konstantin"]
[Result "1-0"]
[WhiteElo "2094"]
[BlackElo "1666"]
[PlyCount "69"]
[EventDate "2013.07.31"]
[EventType "swiss"]
[EventRounds "7"]
[EventCountry "GER"]
[Source "LSV Meck.-Vorp."]
[SourceDate "1999.06.01"]
[WhiteTeam "SK Koenig Tegel 1949"]
[BlackTeam "SSC Rostock 07"]

1. d4 Nf6 2. Bg5 Ne4 3. Bf4 c5 4. f3 Nf6 5. d5 d6 6. Nc3 e5 7. Bc1 Be7 8. e4
O-O 9. f4 Bg4 10. Be2 Bxe2 11. Qxe2 Nbd7 12. Nf3 Ng4 13. f5 a6 14. a4 h6 15.
Nd2 Ngf6 16. a5 b5 17. axb6 Qxb6 18. Nc4 Qc7 19. Na5 c4 20. Nc6 Nb6 21. O-O
Rfc8 22. Rf3 Nh7 23. Kh1 Bg5 24. Bxg5 Nxg5 25. Rg3 f6 26. Na4 Nxa4 27. Rxa4 Qb7
28. Rb4 Qxb4 29. Nxb4 a5 30. Nc6 Rc7 31. Qxc4 Rb8 32. Rb3 Rbc8 33. h4 Nf7 34.
Qa6 Nd8 35. Qxc8 1-0